¡Reforma política ya! : (Registro nro. 326552)
[ vista simple ]
| 000 -ENCABEZADO | |
|---|---|
| Número de control [NR] | 01563nam a22003137a 4500 |
| 005 - FECHA Y HORA DE LA ÚLTIMA TRANSACCIÓN | |
| control field | 20260622152606.0 |
| 008 - DE LONGITUD FIJA DE DATOS DE ELEMENTOS - INFORMACIÓN GENERAL | |
| Elementos de longitud fija [NR] | 260622t2018 |||||||| |||| 00| 0 spa d |
| 020 ## - NUMERO INTERNACIONAL NORMALIZADO PARA LIBROS [R] | |
| Número Internacional Normalizado del libro [NR] | 9789587835649 |
| 040 ## - FUENTE DE CATALOGACION [NR] | |
| Agencia de catalogación original [NR] | CO-BoUCM |
| Idioma de catalogación [NR] | spa |
| Quien Cataloga | Stefania Borbon |
| Quien Clasifica | Stefania Borbon |
| 041 ## - CODIGO DE IDIOMA [R] | |
| Código de idioma para texto/pista de sonido o título separado [R] | Español |
| 100 ## - ASIENTO PRINCIPAL--NOMBRE PERSONAL [NR] | |
| Nombre personal [NR] | Roll, David |
| ID Autoridad | 49401 |
| 245 ## - MENCION DE TITULO [NR] | |
| Título [NR] | ¡Reforma política ya! : |
| Parte restante del título [NR] | Organización electoral, financiación y partidos / |
| Mención de responsabilidad, etc. [NR] | David Roll Velez, Edwin Cruz, Jaime Buitrago, Zulima Rojas, Isaac Morales |
| 260 ## - PUBLICACION, DISTRIBUCION, ETC. (PIE DE IMPRENTA) [R] | |
| Lugar de publicación, distribución, etc. [R] | Bogotá, D.C. : |
| Nombre del editor, distribuidor, etc. [R] | Universidad Nacional de Colombia, |
| Fecha de publicación, distribución, etc. [R] | 2018 |
| 300 ## - DESCRIPCION FISICA [R] | |
| Extensión [R] | 210 páginas; |
| Otros detalles físicos [NR] | tablas |
| 490 ## - MENCION DE SERIE [R] | |
| Mención de serie [R] | Colección Gerardo Molina |
| 504 ## - NOTA DE BIBLIOGRAFIA, ETC. [R] | |
| Nota de bibliografía, etc. [NR] | Incluye referencias bibliográficas |
| 520 ## - NOTA DE RESUMEN, ETC. [R] | |
| Nota de sumario, etc. [NR] | Contiene un análisis sobre el papel fundamental de la organización electoral, el financiamiento de campañas y los partidos políticos en Colombia dentro del marco del posconflicto. Desarrolla propuestas de reajuste institucional y normativo, confrontando mitos sobre las crisis partidistas y las estructuras de representación ciudadana. |
| 650 #4 - ASIENTO SECUNDARIO DE MATERIA - TERMINO TEMATICO [R] | |
| Término temático o nombre geográfico como elemento de entrada [NR] | Partidos políticos |
| Subdivisión geográfica [R] | Colombia |
| 9 (RLIN) | 37930 |
| 650 #4 - ASIENTO SECUNDARIO DE MATERIA - TERMINO TEMATICO [R] | |
| Término temático o nombre geográfico como elemento de entrada [NR] | Elecciones |
| Subdivisión general [R] | Legislación |
| Subdivisión geográfica [R] | Colombia |
| 9 (RLIN) | 174724 |
| 650 #4 - ASIENTO SECUNDARIO DE MATERIA - TERMINO TEMATICO [R] | |
| Término temático o nombre geográfico como elemento de entrada [NR] | Campañas electorales |
| Subdivisión general [R] | Financiación |
| Subdivisión geográfica [R] | Colombia |
| 9 (RLIN) | 189817 |
| 650 #4 - ASIENTO SECUNDARIO DE MATERIA - TERMINO TEMATICO [R] | |
| Término temático o nombre geográfico como elemento de entrada [NR] | Reformas políticas |
| Subdivisión geográfica [R] | Colombia |
| 9 (RLIN) | 189818 |
| 700 1# - ASIENTO SECUNDARIO - NOMBRE PERSONAL [R] | |
| Nombre personal [NR] | Cruz, Edwin |
| 9 (RLIN) | 189819 |
| 700 1# - ASIENTO SECUNDARIO - NOMBRE PERSONAL [R] | |
| Nombre personal [NR] | Morales, Isaac |
| 9 (RLIN) | 189820 |
| 700 1# - ASIENTO SECUNDARIO - NOMBRE PERSONAL [R] | |
| Nombre personal [NR] | Rojas, Zulima |
| 9 (RLIN) | 189821 |
| 700 1# - ASIENTO SECUNDARIO - NOMBRE PERSONAL [R] | |
| Nombre personal [NR] | Roll Vélez David |
| 9 (RLIN) | 189822 |
| 710 ## - ASIENTO SECUNDARIO - NOMBRE CORPORATIVO [R] | |
| Nombre corporativo o de jurisdicción como elemento de entrada [NR] | Universidad Nacional de Colombia |
| 9 (RLIN) | 3820 |
| 942 ## - ELEMENTOS DE ENTRADA AGREGADOS (KOHA) | |
| Sistema de clasificación | DEWEY |
| Tema principal | Derecho |
| Tipo de ítem principal el descrito en 300a | Libro |
| Edición | 1 |
| Clasificación | 324.286 |
| Parte restante de la signatura top. | R749r |
| Fecha de último préstamo | Total préstamos | Signatura topográfica | Código de barras | Última vez visto | Ejemplar | Costo de reposición | Price effective from | Tipo de ítem | Perdido | Sistema de clasificación | Dañado | No prestable | Tipo de ítem específico | Suprimido | Ubicación habitual | Ubicación actual | Localización | Fecha de creación | Forma de adquisición |
|---|---|---|---|---|---|---|---|---|---|---|---|---|---|---|---|---|---|---|---|
| 25/06/2026 | 1 | 324.286 R749r | 100175453 | 01/07/2026 | Ej.1 | 26000.00 | 22/06/2026 | Libro | DEWEY | Libro | Claustro | Claustro | 3er piso | 22/06/2026 | Donación |